00492nam a2200157 a 450000100100000000500170001000800410002702000150006810000250008324500510010826000370015930000280019650000210022450000760024504000130032100004337120201002040844.0140311s2006 sp 001 0 spa d a84322966861 aJuaristi, Jond1951-10aCambio de destino :bmemorias /cJon Juaristi. aBarcelona :bSeix Barral,c2006. a413 p. :bil. ;c24 cm. aIncluye índice aIncluye datos biográficos del autor autor en la solapa de la cubierta aDO-SdBNP